Základné prístupy k určeniu hodnoty daňového štítu
Daňový štít znamená efekt zvyšovania rentability vlastného kapitálu podniku. Úroky z požičaného, resp. cudzieho kapitálu sú súčasťou nákladov, a teda znižujú zisk, z ktorého daný podnik odvádza daň. Čím je nižší zisk, tým nižšia je i daňová povinnosť, a naopak, zvyšuje sa výsledná výnosnosť vlastnéh...
Enregistré dans:
| Auteur principal: | |
|---|---|
| Format: | Chapitre de livre |
| Langue: | slovaque |
| Sujets: | |
| Tags: |
Pas de tags, Soyez le premier à ajouter un tag!
|
MARC
| LEADER | 00000nla a2200000 4500 | ||
|---|---|---|---|
| 001 | 0177972 | ||
| 005 | 20220722095511.0 | ||
| 041 | 0 | |a slo | |
| 044 | |a SK | ||
| 245 | 1 | 0 | |a Základné prístupy k určeniu hodnoty daňového štítu |c Petra Gavláková |
| 520 | |a Daňový štít znamená efekt zvyšovania rentability vlastného kapitálu podniku. Úroky z požičaného, resp. cudzieho kapitálu sú súčasťou nákladov, a teda znižujú zisk, z ktorého daný podnik odvádza daň. Čím je nižší zisk, tým nižšia je i daňová povinnosť, a naopak, zvyšuje sa výsledná výnosnosť vlastného kapitálu. Jeho presné ohodnotenie neustále naberá na význame, nakoľko drvivá väčšina podnikov v dnešnej dobe používa pri svojej podnikateľskej činnosti i cudzí kapitál. Teoretické vymedzenie problematiky daňového štítu a popis základných prístupov používaných na určenie jeho hodnoty. | ||
| 610 | 2 | 0 | |a podnik |
| 610 | 2 | 0 | |a zadlženosť |
| 610 | 2 | 0 | |a kapitál cudzí |
| 610 | 2 | 0 | |a kapitál vlastný |
| 610 | 2 | 0 | |a rentabilita |
| 610 | 2 | 0 | |a dane |
| 610 | 2 | 0 | |a efektívnosť ekonomická |
| 100 | 1 | |a Gavláková, Petra | |